Prénoms des enfants de célébrités françaises - Statistiques

Statistiques générales
  • Ce quiz a été pris 214 fois
  • Le résultat moyen est 29 sur 179
Statistiques - réponses
Elodie GOSSUIN F/G Initiale(s) Prénom(s) % Correct
G L Lou
81%
G L Louis
76%
G J | jJ Jules
65%
G L Léon
59%
F L Louise
56%
F J Juliette
54%
F R Rose
54%
G M Marin
50%
G N Noé
49%
F J Jeanne
47%
F J Jade
46%
G H Hugo
45%
G J Joseph
43%
G G Gabriel
42%
F M Manon
39%
F V Valentine
39%
F I Inès
38%
G M Marcel
38%
G M Michael
38%
G A Aaron
37%
F N Nina
37%
G O Oscar
35%
G R Raphaël
34%
F E Emilie
33%
F J Joséphine
33%
G P Paulin
33%
G M Maël
32%
F M Mathilde
32%
F M Mia
31%
G V Vincent
31%
F A Alba
29%
G A Antoine
29%
G A Arthur
29%
G B Baptiste
29%
G S Simon
27%
G M Mathieu
26%
F C Caroline
25%
F L Lila
25%
G C Clément
23%
G M Milo
23%
G E Evan
22%
G G Gabin
22%
G L Léonard
22%
F L Lilou
21%
G M Marlon
21%
G T Thibault
20%
G A Andrea
18%
G E Eden
18%
F M Maggy
18%
G M Marius
18%
F A Ava
17%
F A Annily
16%
F E Elsa
16%
F M Maya
16%
F S Seven
16%
F C Clarisse
15%
F AR Anna-Rose
14%
D C Claudia
14%
G E Etienne
14%
G G Gianni
14%
G P Peter
14%
F T Toni
14%
F A Abbie
13%
F J Jehanne
12%
F K Kimi
12%
G L Leandro
12%
F N Nelly
12%
G T Timothée
12%
F I Isis
11%
G J Jim
11%
G M Marcus
11%
F AP Anna Paloma
10%
F E Ea
10%
F G Giuliana
10%
G I Isaac
10%
F M Marylin
10%
F S Séléna
10%
F A Alya
9%
F E Ezra
9%
F M Moïra
9%
G Y Yohann
9%
G B Billy
8%
F H Hannah
8%
G O Orlando
8%
G S Stellar
8%
F A Athéna
7%
F BR Bonnie-Rose
7%
F C Colette
7%
F H Helia
7%
G M Mao
7%
G N Néokhan
7%
F S Sateen
7%
G S Sevan
7%
F S Shanna
7%
G S Solal
7%
G A Alfred
6%
F D Dune
6%
G L Loran
6%
F S Sissi
6%
F T Thalia
6%
G L Laslo
5%
G V Vadim
5%
F A Amalia
4%
F D Djinina
4%
G S Surifel
4%
F V Véga
4%
F L Léiah
3%
F L Lorannie
3%
F P Perine
3%
F S Satheene
3%
F Y Yvette
1%
G A Amarao
0%
ALIZEE | Adriana KAREMBEU | Agnes JAOUI | +51 others F/G Initiale(s) Prénom(s)
0%
Aucun quiz correspondant
Distribution des résultats
% des personnes avec chaque résultat
Percentile par nombre de réponses
Votre historique - résultats
Vous n’avez pas pris ce quiz